| 000 | 00701nam a2200229 a 4500 | ||
|---|---|---|---|
| 001 | BRL_1960 | ||
| 005 | 20190320211442.0 | ||
| 008 | 211216s1969----mx-a######---#000-0#spa-# | ||
| 041 | _aspa | ||
| 050 | 4 | _bL36 1969 | |
| 100 | 1 |
_aLemeiras Olvera, José _928318 |
|
| 245 | 1 | 0 |
_aMetztitlan _bNotas para su etnohistoria. |
| 260 |
_aMéxico, D.F. _c1969 |
||
| 300 |
_a247 p. _bil. _c28 cm. |
||
| 500 | _aAu1325 | ||
| 500 | _aEstado físico : sin encuadernar | ||
| 502 | _aTesis Maestría (Maestro en Ciencias Antropológicas) ENAH | ||
| 650 | 1 | 4 |
_aIndígenas de México _yMéxico _928319 |
| 651 | 4 |
_aMetztitlan, Valle (Hidalgo) _xVida social y costumbres _928320 |
|
| 902 | _aTERL | ||
| 942 |
_2lcc _cTES |
||
| 999 |
_c10767 _d10767 |
||